Henry danger characters quiz - Statistics

General Stats
  • This quiz has been taken 1,312 times
  • The average score is 9 of 18
Answer Stats
Hint Answer % Correct
Sidekick Kid Danger
92%
Enjoys making Life Hacks and collecting buckets Jasper
91%
Superhero Captain Man
90%
The smartest of Henry's friends Charlotte
84%
Henry's annoying sister who can't live without electronics Piper
84%
Lives in the mancave Ray
69%
The stupidest criminal in Swellview Jeff
68%
Works at Junk-N-Stuff Henry
63%
Henry's ex-girlfriend Bianca
52%
The miget who works in the mancave Schwoz
50%
Works in the store part of Junk-N-Stuff Gooch
44%
A weird kid with a weird voice dialect Oliver
33%
Oliver's friend Sidney
26%
The worst villian in Swellview The Toddler
20%
Henry's dad Mr. Hart
16%
Henry's mom Mrs. Hart
16%
The male news reporter Trent Overunder
12%
The female news reporter Mary Gaperman
11%
No matching quizzes found
Score Distribution
Percent of People with Each Score
Percentile by Number Answered
Your Score History
You have not taken this quiz